000 00315nam a22001337a 4500
008 170503b xxu||||| |||| 00| 0 eng d
020 _a9780073402062
041 _aeng
080 _a341
100 _a13
101 _aSHJ
245 _aINTERNATIONAL LAW AND THE USE OF FORCE
_cEHRLICH.TH
942 _2udc
_cBK
999 _c12575
_d12575